| 000 | 00668 a2200193 4500 | ||
|---|---|---|---|
| 020 | _a0201581779 | ||
| 020 | _a9780201581775 | ||
| 082 | 0 | 4 | _a658.4038 |
| 090 |
_c3288 _d3288 |
||
| 100 | 1 | _aKnab, Raymond W. | |
| 245 | 1 | 0 |
_aSpreadsheet and database cases for information systems / _cRaymond W. Knab. |
| 250 | _aHar/Dskt ed. | ||
| 260 |
_a[S.l.] : _bAddison Wesley Publishing Company, _c1992. |
||
| 300 | _a150 p. | ||
| 500 | _aPaperback. | ||
| 856 | 4 | 0 |
_3Amazon.com _uhttp://www.amazon.com/exec/obidos/ASIN/0201581779/chopaconline-20 |
| 856 | 4 | 0 |
_3Amazon customer reviews _uhttp://www.chopac.org/cgi-bin/tools/azrev.pl?q=0201581779 |
| 942 |
_aNBS _cBK _k658.4038 KNA |
||
| 999 |
_c345773 _d345773 |
||